00277nam a2200121Ia 4500003000400000008004100004100002300045245003300068250001200101260002300113300001100136650000800147OSt191201s2011 xx 000 0 und d aBOVEE, Courtland L 0aBusiness Communication Today a1st IMP aN.DelhibTMHc1989 a680+16 aMBA